Nguyên lý gia công vật liệu

Nội dung tài liệu trình bày về vật liệu phần cắt dụng cụ, thông số hình học phần cắt dụng cụ, động học quá trình cắt, hiện tượng nhiệt trong quá trình cắt, mòn và tuổi bền của dụng cụ cắt, tính toán thời gian gia công, mài...

Ful tanımlama

Kaydedildi:
Detaylı Bibliyografya
Yazar: Bành Tiến Long
Diğer Yazarlar: Trần Thế Lục, Trần Sỹ Tuý
Materyal Türü: Kitap
Dil:Vietnamese
Baskı/Yayın Bilgisi: H. Khoa học và Kỹ thuật 2013
Etiketler: Etiketle
Etiket eklenmemiş, İlk siz ekleyin!
Thư viện lưu trữ: Thư viện Trường Đại học Nam Cần Thơ
LEADER 01453aam a22002298a 4500
001 NCT_5813
008 131223s2013 ||||||viesd
999 |c 295  |d 295 
020 |c 180000 
082 1 4 |2 23rd ed.  |a 671.53  |b L431 
100 1 |a Bành Tiến Long 
245 1 0 |a Nguyên lý gia công vật liệu  |c Bành Tiến Long, Trần Thế Lục, Trần Sỹ Tuý 
260 |a H.  |b Khoa học và Kỹ thuật  |c 2013 
300 |a 384tr.  |b minh hoạ  |c 24cm 
520 3 |a Nội dung tài liệu trình bày về vật liệu phần cắt dụng cụ, thông số hình học phần cắt dụng cụ, động học quá trình cắt, hiện tượng nhiệt trong quá trình cắt, mòn và tuổi bền của dụng cụ cắt, tính toán thời gian gia công, mài 
700 1 |a Trần Thế Lục 
700 1 |a Trần Sỹ Tuý 
942 |2 ddc  |c BK 
952 |0 0  |1 0  |2 ddc  |4 0  |6 671_530000000000000_L431  |7 0  |9 1595  |a 000001  |b 000001  |d 2017-10-18  |o 671.53 L431  |p MD.01567  |r 2017-10-18  |v 180000.00  |w 2017-10-18  |y BK 
952 |0 0  |1 0  |2 ddc  |4 0  |6 671_530000000000000_L431  |7 0  |9 1596  |a 000001  |b 000001  |d 2017-10-18  |o 671.53 L431  |p MD.01568  |r 2017-10-18  |v 180000.00  |w 2017-10-18  |y BK 
952 |0 0  |1 0  |2 ddc  |4 0  |6 671_530000000000000_L431  |7 0  |9 1597  |a 000001  |b 000001  |d 2017-10-18  |o 671.53 L431  |p MD.01569  |r 2017-10-18  |v 180000.00  |w 2017-10-18  |y BK 
980 |a Thư viện Trường Đại học Nam Cần Thơ